Statistics for Guess The Artist From Their Phase/Series

Click here to take the quiz!

General Stats

  • This quiz has been taken 10 times
  • The average score is 7 of 16

Answer Stats

Answer% Correct
Claude Monet
100%
Pablo Picasso
90%
Gustav Klimt
80%
Jackson Pollock
70%
Vincent Van Gogh
70%
Pablo Picasso
50%
Henri Matisse
40%
Piet Mondrian
40%
Edvard Munch
30%
Francisco Goya
30%
Giorgio De Chirico
30%
Mark Rothko
30%
Paul Gaugin
30%
Titian
10%
Frank Stella
0%
Giovanni Battista Piranesi
0%

Score Distribution

Percentile by Number Answered

Percent of People with Each Score

Your Score History

You have not taken this quiz